000 00203nam a2200085Ia 4500
008 170617s9999 xx 000 0 und d
100 _aBANSAL NANDAN
245 0 _aANATOMY AND PHYSIOLOGY FOR NURSES
260 _bJaypee
260 _c2003
999 _c12832
_d12832